<?xml version="1.0" encoding="UTF-8"?>
<collection xmlns="http://www.loc.gov/MARC21/slim">
 <record>
  <leader>03862caa a2200589   4500</leader>
  <controlfield tag="001">1686896549</controlfield>
  <controlfield tag="003">DE-627</controlfield>
  <controlfield tag="005">20210819121205.0</controlfield>
  <controlfield tag="007">cr cn 008aaaaa</controlfield>
  <controlfield tag="008">200109s1955    xx |||||o     00| ||ger c</controlfield>
  <datafield tag="024" ind1="7" ind2=" ">
   <subfield code="a">urn:nbn:de:bsz:16-kc-686874</subfield>
   <subfield code="2">urn</subfield>
  </datafield>
  <datafield tag="024" ind1="7" ind2=" ">
   <subfield code="a">10.11588/kc.1955.5.68687</subfield>
   <subfield code="2">doi</subfield>
  </datafield>
  <datafield tag="035" ind1=" " ind2=" ">
   <subfield code="a">(DE-627)1686896549</subfield>
  </datafield>
  <datafield tag="035" ind1=" " ind2=" ">
   <subfield code="a">(DE-599)KXP1686896549</subfield>
  </datafield>
  <datafield tag="035" ind1=" " ind2=" ">
   <subfield code="a">(OCoLC)1264284000</subfield>
  </datafield>
  <datafield tag="040" ind1=" " ind2=" ">
   <subfield code="a">DE-627</subfield>
   <subfield code="b">ger</subfield>
   <subfield code="c">DE-627</subfield>
   <subfield code="e">rda</subfield>
  </datafield>
  <datafield tag="041" ind1=" " ind2=" ">
   <subfield code="a">ger</subfield>
  </datafield>
  <datafield tag="084" ind1=" " ind2=" ">
   <subfield code="a">KUNST</subfield>
   <subfield code="q">DE-16</subfield>
   <subfield code="2">fid</subfield>
  </datafield>
  <datafield tag="245" ind1="1" ind2="0">
   <subfield code="a">Zur Methodik und Auswertung von Grabungen im Bereich der Baukunst des Mittelalters (3.-5. März 1955)</subfield>
   <subfield code="c">Ludwig Heinrich Heydenreich, Jozef Mertens, Friedrich Bellmann, Robert Brichet, Luigi Crema, Linus Birchler, Alfred Andreas Schmid, Ejnar Dyggve, Otto Doppelfeld, Etienne Fels, Bernhard Hermann Röttger, Hans Thümmler, Jean Hubert, Albert Verbeek</subfield>
  </datafield>
  <datafield tag="264" ind1=" " ind2="1">
   <subfield code="a">Nürnberg</subfield>
   <subfield code="b">Carl</subfield>
   <subfield code="c">1955</subfield>
  </datafield>
  <datafield tag="336" ind1=" " ind2=" ">
   <subfield code="a">Text</subfield>
   <subfield code="b">txt</subfield>
   <subfield code="2">rdacontent</subfield>
  </datafield>
  <datafield tag="337" ind1=" " ind2=" ">
   <subfield code="a">Computermedien</subfield>
   <subfield code="b">c</subfield>
   <subfield code="2">rdamedia</subfield>
  </datafield>
  <datafield tag="338" ind1=" " ind2=" ">
   <subfield code="a">Online-Ressource</subfield>
   <subfield code="b">cr</subfield>
   <subfield code="2">rdacarrier</subfield>
  </datafield>
  <datafield tag="500" ind1=" " ind2=" ">
   <subfield code="a">Elektronische Reproduktion der Druckausgabe</subfield>
  </datafield>
  <datafield tag="533" ind1=" " ind2=" ">
   <subfield code="a">Online-Ausgabe</subfield>
   <subfield code="b">Heidelberg</subfield>
   <subfield code="c">arthistoricum.net</subfield>
   <subfield code="d">2019</subfield>
   <subfield code="7">|2019||||||||||</subfield>
  </datafield>
  <datafield tag="583" ind1="1" ind2=" ">
   <subfield code="a">Archivierung/Langzeitarchivierung gewährleistet</subfield>
   <subfield code="2">pdager</subfield>
   <subfield code="5">DE-16</subfield>
  </datafield>
  <datafield tag="700" ind1="1" ind2=" ">
   <subfield code="a">Heydenreich, Ludwig H.</subfield>
   <subfield code="d">1903-1978</subfield>
   <subfield code="e">VerfasserIn</subfield>
   <subfield code="0">(DE-588)118704451</subfield>
   <subfield code="0">(DE-627)079486312</subfield>
   <subfield code="0">(DE-576)161414109</subfield>
   <subfield code="4">aut</subfield>
  </datafield>
  <datafield tag="700" ind1="1" ind2=" ">
   <subfield code="a">Mertens, J.</subfield>
   <subfield code="d">1921-2007</subfield>
   <subfield code="e">VerfasserIn</subfield>
   <subfield code="0">(DE-588)118918680</subfield>
   <subfield code="0">(DE-627)079695671</subfield>
   <subfield code="0">(DE-576)210391200</subfield>
   <subfield code="4">aut</subfield>
  </datafield>
  <datafield tag="700" ind1="1" ind2=" ">
   <subfield code="a">Bellmann, Friedrich</subfield>
   <subfield code="d">1911-1993</subfield>
   <subfield code="e">VerfasserIn</subfield>
   <subfield code="0">(DE-588)1194586236</subfield>
   <subfield code="0">(DE-627)1676806504</subfield>
   <subfield code="0">(DE-576)163695482</subfield>
   <subfield code="4">aut</subfield>
  </datafield>
  <datafield tag="700" ind1="1" ind2=" ">
   <subfield code="a">Brichet, Robert</subfield>
   <subfield code="e">VerfasserIn</subfield>
   <subfield code="0">(DE-588)123016541</subfield>
   <subfield code="0">(DE-627)706129393</subfield>
   <subfield code="0">(DE-576)29352159X</subfield>
   <subfield code="4">aut</subfield>
  </datafield>
  <datafield tag="700" ind1="1" ind2=" ">
   <subfield code="a">Crema, Luigi</subfield>
   <subfield code="d">1980-</subfield>
   <subfield code="e">VerfasserIn</subfield>
   <subfield code="0">(DE-588)1199048135</subfield>
   <subfield code="0">(DE-627)1681417383</subfield>
   <subfield code="4">aut</subfield>
  </datafield>
  <datafield tag="700" ind1="1" ind2=" ">
   <subfield code="a">Birchler, Linus</subfield>
   <subfield code="d">1893-1967</subfield>
   <subfield code="e">VerfasserIn</subfield>
   <subfield code="0">(DE-588)118663356</subfield>
   <subfield code="0">(DE-627)079447600</subfield>
   <subfield code="0">(DE-576)160301653</subfield>
   <subfield code="4">aut</subfield>
  </datafield>
  <datafield tag="700" ind1="1" ind2=" ">
   <subfield code="a">Schmid, Alfred A.</subfield>
   <subfield code="d">1920-2004</subfield>
   <subfield code="e">VerfasserIn</subfield>
   <subfield code="0">(DE-588)143090429</subfield>
   <subfield code="0">(DE-627)642498431</subfield>
   <subfield code="0">(DE-576)334986591</subfield>
   <subfield code="4">aut</subfield>
  </datafield>
  <datafield tag="700" ind1="1" ind2=" ">
   <subfield code="a">Dyggve, Ejnar</subfield>
   <subfield code="d">1887-1961</subfield>
   <subfield code="e">VerfasserIn</subfield>
   <subfield code="0">(DE-588)1012131513</subfield>
   <subfield code="0">(DE-627)661323196</subfield>
   <subfield code="0">(DE-576)160812496</subfield>
   <subfield code="4">aut</subfield>
  </datafield>
  <datafield tag="700" ind1="1" ind2=" ">
   <subfield code="a">Doppelfeld, Otto</subfield>
   <subfield code="d">1907-1979</subfield>
   <subfield code="e">VerfasserIn</subfield>
   <subfield code="0">(DE-588)118680382</subfield>
   <subfield code="0">(DE-627)079463444</subfield>
   <subfield code="0">(DE-576)16076890X</subfield>
   <subfield code="4">aut</subfield>
  </datafield>
  <datafield tag="700" ind1="1" ind2=" ">
   <subfield code="a">Fels, Etienne</subfield>
   <subfield code="e">VerfasserIn</subfield>
   <subfield code="4">aut</subfield>
  </datafield>
  <datafield tag="700" ind1="1" ind2=" ">
   <subfield code="a">Röttger, Bernhard Hermann</subfield>
   <subfield code="d">1891-1945</subfield>
   <subfield code="e">VerfasserIn</subfield>
   <subfield code="0">(DE-588)12358552X</subfield>
   <subfield code="0">(DE-627)145391027</subfield>
   <subfield code="0">(DE-576)16467859X</subfield>
   <subfield code="4">aut</subfield>
  </datafield>
  <datafield tag="700" ind1="1" ind2=" ">
   <subfield code="a">Thümmler, Hans</subfield>
   <subfield code="d">1910-1972</subfield>
   <subfield code="e">VerfasserIn</subfield>
   <subfield code="0">(DE-588)120201933</subfield>
   <subfield code="0">(DE-627)080518281</subfield>
   <subfield code="0">(DE-576)213322951</subfield>
   <subfield code="4">aut</subfield>
  </datafield>
  <datafield tag="700" ind1="1" ind2=" ">
   <subfield code="a">Hubert, Jean</subfield>
   <subfield code="d">1902-1994</subfield>
   <subfield code="e">VerfasserIn</subfield>
   <subfield code="0">(DE-588)138813175</subfield>
   <subfield code="0">(DE-627)606147020</subfield>
   <subfield code="0">(DE-576)309217938</subfield>
   <subfield code="4">aut</subfield>
  </datafield>
  <datafield tag="700" ind1="1" ind2=" ">
   <subfield code="a">Verbeek, Albert</subfield>
   <subfield code="d">1909-1984</subfield>
   <subfield code="e">VerfasserIn</subfield>
   <subfield code="0">(DE-588)124928544</subfield>
   <subfield code="0">(DE-627)368365433</subfield>
   <subfield code="0">(DE-576)215965108</subfield>
   <subfield code="4">aut</subfield>
  </datafield>
  <datafield tag="773" ind1="0" ind2="8">
   <subfield code="i">Enthalten in</subfield>
   <subfield code="t">Kunstchronik</subfield>
   <subfield code="d">Heidelberg : Universitätsbibliothek Heidelberg, 2019</subfield>
   <subfield code="g">8(1955), 5, Seite 113-163</subfield>
   <subfield code="h">Online-Ressource</subfield>
   <subfield code="w">(DE-627)1670038009</subfield>
   <subfield code="w">(DE-600)2979370-1</subfield>
   <subfield code="x">2510-7534</subfield>
   <subfield code="7">|||s</subfield>
  </datafield>
  <datafield tag="773" ind1="1" ind2="8">
   <subfield code="g">volume:8</subfield>
   <subfield code="g">year:1955</subfield>
   <subfield code="g">number:5</subfield>
   <subfield code="g">pages:113-163</subfield>
  </datafield>
  <datafield tag="856" ind1="4" ind2="0">
   <subfield code="u">https://doi.org/10.11588/kc.1955.5.68687</subfield>
   <subfield code="x">Verlag</subfield>
   <subfield code="x">Resolving-System</subfield>
   <subfield code="z">kostenfrei</subfield>
   <subfield code="3">Volltext</subfield>
  </datafield>
  <datafield tag="856" ind1="4" ind2="0">
   <subfield code="u">https://journals.ub.uni-heidelberg.de/index.php/kchronik/article/view/68687</subfield>
   <subfield code="x">Verlag</subfield>
   <subfield code="z">kostenfrei</subfield>
   <subfield code="3">Volltext</subfield>
  </datafield>
  <datafield tag="856" ind1="4" ind2="0">
   <subfield code="u">http://nbn-resolving.de/urn:nbn:de:bsz:16-kc-686874</subfield>
   <subfield code="x">Verlag</subfield>
   <subfield code="x">Resolving-System</subfield>
   <subfield code="z">kostenfrei</subfield>
   <subfield code="3">Volltext</subfield>
  </datafield>
  <datafield tag="936" ind1="u" ind2="w">
   <subfield code="d">8</subfield>
   <subfield code="j">1955</subfield>
   <subfield code="e">5</subfield>
   <subfield code="h">113-163</subfield>
  </datafield>
  <datafield tag="951" ind1=" " ind2=" ">
   <subfield code="a">AR</subfield>
  </datafield>
  <datafield tag="994" ind1=" " ind2=" ">
   <subfield code="u">https://journals.ub.uni-heidelberg.de/index.php/kchronik/article/view/68687/61992</subfield>
  </datafield>
  <datafield tag="994" ind1=" " ind2=" ">
   <subfield code="u">https://journals.ub.uni-heidelberg.de/index.php/kchronik/article/view/68687/61992</subfield>
  </datafield>
  <datafield tag="994" ind1=" " ind2=" ">
   <subfield code="u">https://journals.ub.uni-heidelberg.de/index.php/kchronik/article/view/68687/61992</subfield>
  </datafield>
  <datafield tag="991" ind1=" " ind2=" ">
   <subfield code="a">Rezension (Veranstaltung, Ausstellung)</subfield>
  </datafield>
  <datafield tag="999" ind1=" " ind2=" ">
   <subfield code="a">KXP-PPN1686896549</subfield>
   <subfield code="e">4098959321</subfield>
  </datafield>
 </record>
</collection>
